| 000 | 00886pam a2200241 a 4500 | ||
|---|---|---|---|
| 999 |
_c5229 _d5229 |
||
| 003 | OSt | ||
| 005 | 20220405111856.0 | ||
| 008 | 870820s1987 gw a b 001 0 eng | ||
| 020 | _a0387182136 (U.S.) | ||
| 040 | _cALUPE UNIVERSITY COLLEGE | ||
| 050 | 1 | 0 |
_aRG605 _b.S7313 1987 |
| 100 | 1 | _aStaudach, A. | |
| 245 | 1 | 0 |
_aSectional fetal anatomy in ultrasound / _cAlf Staudach ; forewords by W. Thiel, M. Hansmann, and J. Hobbins ; translated by Terry Telger ; reviewed by Bernd K. Wittmann. |
| 260 |
_aBerlin ; _aNew York : _bSpringer-Verlag, _cc1987. |
||
| 300 |
_ax, 198 p. : _b247 ill. ; _c28 cm. |
||
| 500 | _aTranslation of: Fetale Anatomie im Ultraschall. | ||
| 500 | _aIncludes index. | ||
| 504 | _aBibliography: p. [181]-190. | ||
| 650 | 0 |
_aFetus _xAnatomy. |
|
| 650 | 0 |
_aFetus _xUltrasonic imaging. |
|
| 906 |
_a7 _bcbc _corignew _d1 _eocip _f19 _gy-gencatlg |
||
| 942 |
_2lcc _cBK _nPW |
||